000 00669nam a2200205 i 4500
001 135235
003 ES-MaACL
005 20230906194833.0
007 t|
008 070712s1971 sp |||| | spa d
080 _a342.34(73)
080 _a321.7(73)
100 1 _aTocqueville, Alexis de.
_9110392
245 1 3 _aLa democracia en América /
_cAlexis de Tocqueville ; introducción, notas, traducción y selección de textos de Dalmacio Negro Pavón.
260 _a[Madrid] :
_bAguilar,
_c[1971]
300 _aLXIII, 296 p. ;
_c19 cm.
650 1 4 _aDemocracia-
_zEstados Unidos.
_911567
700 1 _aNegro Pavón, Dalmacio.
_985316
852 _aES-MaACL
_jC-40147
999 _c135235
_d135235